Dünden bugüne ve bugünlerden yarınlara / (Kayıt no. 10056)

MARC ayrıntıları
000 -BAŞLIK
Sabit Uzunluktaki Kontrol Alanı 00591nam a22001937a 4500
003 - KONTROL NUMARASI KİMLİĞİ
Kontrol Alanı KOHA_MİRAKIL
005 - EN SON İŞLEM TARİHİ ve ZAMANI
Kontrol Alanı 20260330085909.0
008 - SABİT UZUNLUKTAKİ VERİ ÖGELERİ - GENEL BİLGİ
Sabit Alan 260330b tu ||||| |||| 00| 0 tur d
040 ## - KATALOGLAMA KAYNAĞI
Özgün Kataloglama Kurumu TR-AnABB
Kataloglama Dili tur
Çeviri Kurumu TR-AnABB
041 ## - DİL KODU
Metin ya da ses kaydının dil kodu tur
082 ## - DEWEY ONU SINIFLAMA SİSTEMİ
Sınıflama Numarası 923.2
Cutter numarası ALI 2003
100 1# - KİŞİ ADI
Yazar Adı (Kişi adı) Alıveren, İsmail Erdoğan
245 10 - ESER ADI BİLDİRİMİ
Başlık Dünden bugüne ve bugünlerden yarınlara /
Sorumluluk Bildirimi İsmail Erdoğan Alıveren
260 ## - YAYIN, DAĞITIM, VB.
Yayın Yeri Ankara :
Yayınevi [yayl. y.] ,
Yayın Tarihi 2003
300 ## - FİZİKSEL TANIMLAMA
Sayfa, Cilt vb. 306 sayfa ;
Boyutları 18 cm
500 ## - GENEL NOT
Genel Not Yazar imzalı
650 04 - KONU BAŞLIĞI EK GİRİŞ - KONU TERİMİ
Konusal terim veya coğrafi ad Siyaset bilimcileri ve politikacılar
942 ## - EK GİRİŞ ÖGELERİ (KOHA)
Sınıflama Kaynağı Dewey Decimal Classification
Materyal Türü Kitap
900 ## - YEREL BİLGİ
Kontrol Can ÇELIK
Mevcut
Geri Çekilme Durumu Kayıp Durumu Sınıflandırma Kaynağı Kredi için değil Kalıcı Konum Mevcut Konum Kayıt Tarih Toplam Ödünçverme Yer Numarası Demirbaş Numarası Son Görülme Tarihi Fatura Tarihi Materyal Türü
    Dewey Decimal Classification   Prof. Dr. Ruşen Keleş Kütüphanesi Prof. Dr. Ruşen Keleş Kütüphanesi 30/03/2026   923.2 ALI 2003 RK1073 30/03/2026 30/03/2026 Kitap